[Event "Olympiad-42"]
[Site "Baku"]
[Date "2016.09.12"]
[Round "10.4"]
[White "Al Huwar, Jasem"]
[Black "Petrik, Tomas"]
[Result "0-1"]
[WhiteElo "2291"]
[BlackElo "2464"]
[PlyCount "120"]
[EventDate "2016.09.02"]
[EventType "team-swiss"]
[EventRounds "11"]
[EventCountry "AZE"]
[SourceTitle "CBM 175"]
[Source "ChessBase"]
[SourceDate "2016.11.10"]
[SourceVersion "1"]
[SourceVersionDate "2016.11.10"]
[SourceQuality "1"]
[WhiteTeam "United Arab Emirates"]
[BlackTeam "Slovakia"]
[WhiteTeamCountry "UAE"]
[BlackTeamCountry "SVK"]

1. Nf3 Nf6 2. g3 d5 3. Bg2 c6 4. 0-0 Bg4 5. c4 e6 6. d3 Nbd7 7. cxd5 exd5 8. h3 Bxf3 9. Bxf3 Bc5 10. Nc3 0-0 11. Qc2 Qe7 12. Rd1 Rfe8 13. e3 d4 14. exd4 Bxd4 15. Ne2 Bb6 16. d4 Nf8 17. a4 a5 18. Qb3 Ba7 19. Nf4 Rad8 20. Be3 Ng6 21. Nxg6 hxg6 22. Qc4 Qc7 23. Bf4 Qb6 24. Rab1 Rxd4 25. Rxd4 Qxd4 26. Qxd4 Bxd4 27. b4 b6 28. bxa5 bxa5 29. Bxc6 Re2 30. Rf1 Rc2 31. Bf3 Nd7 32. Be3 Bxe3 33. fxe3 Ne5 34. Bd5 Rd2 35. Ba8 Re2 36. Rc1 Rxe3 37. Rc5 Rxg3+ 38. Kh2 Rg5 39. Kh1 Rh5 40. Bg2 Nd3 41. Rc8+ Kh7 42. Rc3 Nc5 43. Bc6 Re5 44. Kg2 g5 45. Kf3 Kg6 46. Rc4 f5 47. Rc3 Kh5 48. Rc4 f4 49. Rc3 Kh4 50. Rc1 Nd3 51. Rd1 Re3+ 52. Kg2 Rg3+ 53. Kf1 Rxh3 54. Be4 Nc5 55. Bg2 Rc3 56. Bc6 Kg3 57. Kg1 g4 58. Bb5 f3 59. Bf1 Ne4 60. Rd4 Rc1 0-1

[Event "Olympiad-42"]
[Site "Baku"]
[Date "2016.09.06"]
[Round "5.4"]
[White "Firouzja, Alireza"]
[Black "Petrik, Tomas"]
[Result "1-0"]
[WhiteElo "2463"]
[BlackElo "2464"]
[PlyCount "81"]
[EventDate "2016.09.02"]
[EventType "team-swiss"]
[EventRounds "11"]
[EventCountry "AZE"]
[SourceTitle "CBM 175"]
[Source "ChessBase"]
[SourceDate "2016.11.10"]
[SourceVersion "1"]
[SourceVersionDate "2016.11.10"]
[SourceQuality "1"]
[WhiteTeam "Iran"]
[BlackTeam "Slovakia"]
[WhiteTeamCountry "IRI"]
[BlackTeamCountry "SVK"]

1. e4 e6 2. d4 d5 3. Nc3 Bb4 4. a3 Bxc3+ 5. bxc3 Ne7 6. Bd3 c5 7. exd5 exd5 8. dxc5 Nd7 9. Be3 0-0 10. Bd4 Re8 11. Ne2 Qc7 12. Bb5 a6 13. Ba4 Qa5 14. Bxd7 Bxd7 15. a4 Nf5 16. 0-0 Qc7 17. Qd2 Re4 18. f3 Rh4 19. g3 Rh6 20. Nf4 Re8 21. Qd3 Qd8 22. Rfe1 Rc6 23. Bf2 Ne7 24. Rad1 Bf5 25. Qe2 Rc8 26. c4 Ng6 27. Qxe8+ Qxe8 28. Rxe8+ Rxe8 29. cxd5 Bxc2 30. Rd4 Nxf4 31. gxf4 Bb3 32. c6 bxc6 33. dxc6 Kf8 34. c7 Be6 35. Rd6 Rc8 36. Rd8+ Ke7 37. Bc5+ Kf6 38. Bd6 Kf5 39. Kf2 Kg6 40. Ke3 Kh5 41. Ke4 1-0

[Event "SVK-ch"]
[Site "Banska Stiavnica"]
[Date "2016.07.08"]
[Round "7"]
[White "Mrva, Martin"]
[Black "Petrik, Tomas"]
[Result "0-1"]
[WhiteElo "2418"]
[BlackElo "2465"]
[PlyCount "82"]
[EventDate "2016.07.02"]
[EventType "tourn"]
[EventRounds "9"]
[EventCountry "SVK"]
[EventCategory "9"]
[SourceTitle "CBM 173 Extra"]
[Source "ChessBase"]
[SourceDate "2016.08.29"]
[SourceVersion "1"]
[SourceVersionDate "2016.08.29"]
[SourceQuality "1"]

1. e4 e6 2. Nc3 d5 3. g3 dxe4 4. Nxe4 Bd7 5. Nf3 Bc6 6. Nc3 Nf6 7. Bg2 Bd6 8. 0-0 0-0 9. Re1 Nbd7 10. a3 Nb6 11. d3 a5 12. Bg5 h6 13. Bd2 Re8 14. Bh3 Nbd5 15. Nd4 Bd7 16. Ncb5 Bf8 17. c4 Nb6 18. Bg2 e5 19. Nb3 c6 20. Nc3 Bf5 21. c5 Nbd7 22. Na4 Bxd3 23. Rc1 Bb5 24. Nc3 Bc4 25. Na4 Bd5 26. Bc3 Bxg2 27. Kxg2 Nd5 28. Bd2 g6 29. Qf3 f5 30. g4 e4 31. Qh3 f4 32. Kg1 Qg5 33. Bc3 h5 34. Bd4 N7f6 35. Nd2 hxg4 36. Qb3 f3 37. Bxf6 Qxd2 38. Nb6 e3 39. Bh4 Bxc5 40. Rf1 Bxb6 41. Rcd1 exf2+ 0-1

[Event "SVK-ch"]
[Site "Banska Stiavnica"]
[Date "2016.07.07"]
[Round "6"]
[White "Petrik, Tomas"]
[Black "Druska, Juraj"]
[Result "1-0"]
[WhiteElo "2465"]
[BlackElo "2474"]
[PlyCount "35"]
[EventDate "2016.07.02"]
[EventType "tourn"]
[EventRounds "9"]
[EventCountry "SVK"]
[EventCategory "9"]
[SourceTitle "CBM 173 Extra"]
[Source "ChessBase"]
[SourceDate "2016.08.29"]
[SourceVersion "1"]
[SourceVersionDate "2016.08.29"]
[SourceQuality "1"]

1. e4 e5 2. Nf3 Nc6 3. Bb5 a6 4. Ba4 Nf6 5. d3 b5 6. Bb3 Bc5 7. Nc3 d6 8. Nd5 h6 9. c3 0-0 10. 0-0 Rb8 11. d4 Ba7 12. Be3 Nxe4 13. Re1 exd4 14. Bxd4 Re8 15. Qb1 Nxd4 16. cxd4 Ng5 17. Nxg5 hxg5 18. Nf6+ 1-0

[Event "SVK-ch"]
[Site "Banska Stiavnica"]
[Date "2016.07.03"]
[Round "2"]
[White "Mazur, Stefan"]
[Black "Petrik, Tomas"]
[Result "1/2-1/2"]
[WhiteElo "2427"]
[BlackElo "2465"]
[PlyCount "117"]
[EventDate "2016.07.02"]
[EventType "tourn"]
[EventRounds "9"]
[EventCountry "SVK"]
[EventCategory "9"]
[SourceTitle "CBM 173 Extra"]
[Source "ChessBase"]
[SourceDate "2016.08.29"]
[SourceVersion "1"]
[SourceVersionDate "2016.08.29"]
[SourceQuality "1"]

1. e4 e6 2. d4 d5 3. Nc3 Bb4 4. e5 c5 5. a3 Bxc3+ 6. bxc3 Qa5 7. Bd2 Qa4 8. Qb1 c4 9. h4 Nc6 10. h5 h6 11. Nf3 Bd7 12. g3 0-0-0 13. Qb2 Nge7 14. Rb1 b6 15. Bg2 Rdf8 16. Kf1 Kb7 17. Kg1 Nf5 18. Re1 Rfg8 19. Nh2 Ka8 20. Ng4 Rf8 21. Rh3 Kb7 22. Nh2 Nfe7 23. Nf1 Nf5 24. g4 Nfe7 25. f4 f5 26. exf6 Rxf6 27. Nh2 g6 28. g5 Rf7 29. hxg6 Nxg6 30. Rxh6 Rxh6 31. gxh6 Nce7 32. Nf3 Rh7 33. Ng5 Rxh6 34. f5 Nxf5 35. Nxe6 Bxe6 36. Bxh6 Qd7 37. Qc1 Ngh4 38. Bh1 Ka6 39. a4 Bf7 40. Qf4 Ng6 41. Qg5 Nxh6 42. Qxh6 Qg4+ 43. Kh2 Nf4 44. Rg1 Qe2+ 45. Bg2 Qf2 46. Qg5 Nh3 47. Kxh3 Qxg1 48. Qe5 Qa1 49. Qf5 Qxc3+ 50. Kh2 Qxd4 51. Qxf7 Qe5+ 52. Kh3 Qc3+ 53. Bf3 Qxc2 54. Bxd5 Qxa4 55. Qb7+ Ka5 56. Qxa7+ Kb4 57. Qxb6+ Qb5 58. Qxb5+ Kxb5 59. Bxc4+ 1/2-1/2